000 00855nam a2200253Ia 4500
003 OSt
005 20220925204403.0
006 a|||||r|||| 00| 0
007 ta
008 220923b |||||||| |||| 00| 0 eng d
037 _cGeneral Book
040 _aRTL
_cRTL
_beng
041 _2eng
_aeng
082 _aX9(J):20gF, L2
100 _aPalmer Ingrid
_9268140
110 _aUnited Nations Research Institute for Social Development
_9123743
245 0 _aScience and agricultural production
260 _aGeneva
_bUNRISD
_c1972
300 _av. 100p.
_ccm.
490 _aUnited Nations Reseach Institute for Social Development, Studies on the green revolution
700 _aUnited Nations Research Institute for Social Development
_9123744
942 _hX9(J):20gF, L2
_cGB
_2CC
999 _c549300
_d549300